Negociación colectiva y prevención de riesgos laborales (Registro nro. 31970)
[ vista simple ]
| 000 -CABECERA | |
|---|---|
| Longitud fija campo de control | 01169naa a2200301 c 4500 |
| 001 - NÚMERO DE CONTROL | |
| Número de control | 31970 |
| 003 - IDENTIFICADOR DE NÚMERO DE CONTROL | |
| Identificador del número de control | ES-MaCES |
| 005 - FECHA Y HORA DE LA ÚLTIMA TRANSACCIÓN | |
| Fecha y hora de la última transacción | 20170213110847.0 |
| 008 - CAMPO FIJO DE DESCRIPCIÓN FIJA--INFORMACIÓN GENERAL | |
| Códigos de información de longitud fija | 000911n1999 sp 000 | spa d |
| 035 ## - NÚMERO DE CONTROL DEL SISTEMA | |
| Número de control del sistema | CES20000005083v |
| 040 ## - FUENTE DE CATALOGACIÓN | |
| Centro catalogador de origen | ES-MaCES |
| Lengua de catalogación | spa |
| Centro transcriptor | ES-MaCES |
| 100 1# - ENCABEZAMIENTO PRINCIPAL--NOMBRE PERSONAL | |
| 9 (RLIN) | 11336 |
| Nombre de persona | Errandonea Ulazia, Elisabet |
| 245 10 - MENCIÓN DE TÍTULO | |
| Título | Negociación colectiva y prevención de riesgos laborales |
| Resto del título | : el Acuerdo interprofesional en materia de salud y prevención de riesgos laborales en la Comunidad Autónoma del País Vasco |
| Mención de responsabilidad, etc. | Elixabet Errandonea Ulazia y Edurne López Rubia |
| 650 #4 - ASIENTO SECUNDARIO DE MATERIA--TÉRMINO DE MATERIA | |
| Término de materia o nombre geográfico como elemento inicial | evaluación |
| 9 (RLIN) | 28893 |
| 650 #4 - ASIENTO SECUNDARIO DE MATERIA--TÉRMINO DE MATERIA | |
| Término de materia o nombre geográfico como elemento inicial | 1997 |
| 9 (RLIN) | 30803 |
| 650 #4 - ASIENTO SECUNDARIO DE MATERIA--TÉRMINO DE MATERIA | |
| Término de materia o nombre geográfico como elemento inicial | País Vasco |
| 9 (RLIN) | 30799 |
| 650 #4 - ASIENTO SECUNDARIO DE MATERIA--TÉRMINO DE MATERIA | |
| Término de materia o nombre geográfico como elemento inicial | negociación colectiva |
| 9 (RLIN) | 28362 |
| 650 #4 - ASIENTO SECUNDARIO DE MATERIA--TÉRMINO DE MATERIA | |
| Término de materia o nombre geográfico como elemento inicial | riesgo |
| 9 (RLIN) | 29564 |
| 650 #4 - ASIENTO SECUNDARIO DE MATERIA--TÉRMINO DE MATERIA | |
| Término de materia o nombre geográfico como elemento inicial | salud en el trabajo |
| 9 (RLIN) | 28347 |
| 650 #4 - ASIENTO SECUNDARIO DE MATERIA--TÉRMINO DE MATERIA | |
| Término de materia o nombre geográfico como elemento inicial | seguridad en el trabajo |
| 9 (RLIN) | 28348 |
| 653 10 - TÉRMINO DE INDEXACIÓN--NO CONTROLADO | |
| Término no controlado | Salud |
| 650 #4 - ASIENTO SECUNDARIO DE MATERIA--TÉRMINO DE MATERIA | |
| 9 (RLIN) | 30664 |
| Término de materia o nombre geográfico como elemento inicial | concertación social |
| 700 1# - ENCABEZAMIENTO SECUNDARIO--NOMBRE PERSONAL | |
| Nombre de persona | López Rubia, Edurne |
| 9 (RLIN) | 16987 |
| 773 0# - ENTRADA DE DOCUMENTO FUENTE | |
| Título | Revista de derecho social |
| Parte(s) relacionada(s) | n. 5 (en.-marzo 1999){10693 R. 030596}; 209-220 |
| Número de control del registro relacionado | (ES-MaCES)25695 |
| Itemnumber del ítem fuente | 68675 |
| 902 ## - CES. TIPO DE DOCUMENTO | |
| Tipodoc (006$c Sirtex) | ART Artículo de revista |
| 942 ## - ELEMENTOS KOHA | |
| Fuente de clasificaión o esquema | Clasificación propia del CES |
| Koha [por defecto] tipo de item | Artículos (1982-2017) |
| Parte de clasificación | 3.1. |
No hay ítems disponibles.
